000 00616nam a2200229Ia 4500
003 OSt
005 20220928111220.0
006 a|||||r|||| 00| 0
007 ta
008 220927b |||||||| |||| 00| 0 eng d
024 _a124305
037 _cTextual
040 _aSDCL
_cSDCL
_beng
041 _2eng
_aeng
082 _aO-,1M38x, M3
100 _aMurray Les A.
_9422734
245 0 _aTHE PEOPLE'S OTHER WORLD
260 _aLondon
_bANGUS & ROBERTSON PUBLISHERS UNITED KINGDOM
_c1983
300 _a68p x
_ccm.
942 _hO-,1M38x, M3
_cTEXL
_2CC
999 _c739138
_d739138